| 000 | 00815nam a2200277Ia 4500 | ||
|---|---|---|---|
| 008 | 160319s9999 xx 000 0 und d | ||
| 100 | _aKnowledge Adventure, Inc. | ||
| 245 | _aJump ahead 2000 : | ||
| 245 | _byear 2 pack / | ||
| 260 | _aReading [England] : | ||
| 260 | _bKnowledge Adventure. | ||
| 260 | _c2000 | ||
| 300 | _a1 computer optical disc : | ||
| 300 | _bsound, colored ; | ||
| 300 | _c4 3/4 in. | ||
| 650 | _aEarly childhood education -- | ||
| 650 | _aEarly childhood education -- Activity programs -- | ||
| 650 | _aGeography -- | ||
| 650 | _aLanguage arts (Early childhood) -- | ||
| 650 | _aMathematics -- | ||
| 650 | _xActivity programs. | ||
| 650 | _xJuvenile software. | ||
| 650 | _xJuvenile software. | ||
| 650 | _xJuvenile software. | ||
| 650 | _xJuvenile software. | ||
| 999 |
_c292742 _d292742 |
||